Statistics for World flags 6: in what country-flags YELLOW/GOLD is more prevalent?

Click here to take the quiz!

General Stats

  • This quiz has been taken 47 times
  • The average score is 4 of 6

Answer Stats

HintAnswer% Correct
50Ukraine
70%
50Colombia
67%
52.35Vatican City
60%
54.57Brunei
58%
50Ecuador
58%
52.85Spain
58%

Score Distribution

Percentile by Number Answered

Percent of People with Each Score

Your Score History

You have not taken this quiz